| 000 | 00874cam a2200217 i 4500 | ||
|---|---|---|---|
| 005 | 20251224104316.0 | ||
| 008 | 250721s2006 ua gr 000 0 ara d | ||
| 020 | _a9772903164 | ||
| 082 | 1 | 4 |
_a218.51 _bم ن |
| 100 | 1 |
_aالسمين، محمد سيد _eمعد. |
|
| 245 | 1 | 0 |
_aمن فيض المنان في الدعوة إلى عبادة الرحمن / _cفضيلة الشيخ محمد سيد السمين، [وثلاثه اخرون ] |
| 264 | 3 | 1 |
_aالقاهرة : _bمكتبة المنصورة، _c2006. |
| 300 | _a664 صفحه. | ||
| 650 | 1 | 7 | _aالخطب الدينية. |
| 650 | 1 | 7 | _aالمواعظ. |
| 700 | 1 |
_aفراج، محمود عبد الرحيم _eمعد. |
|
| 700 | 1 |
_aالموازن، عبد الكريم أحمد _eمعد. |
|
| 700 | 1 |
_aعبد الرحيم، محمد سيد سلطان _eمعد. |
|
| 942 |
_2ddc _cBK |
||
| 999 |
_c104639 _d104639 |
||